Officially Muslim Countries - Statistics

General Stats
  • This quiz has been taken 42 times
  • The average score is 19 of 23
Answer Stats
Country % Correct
Oman
95%
Yemen
95%
Egypt
93%
Iran
93%
Jordan
93%
Pakistan
93%
Saudi Arabia
93%
Algeria
90%
Iraq
90%
Morocco
90%
Afghanistan
88%
Libya
88%
Qatar
88%
Kuwait
85%
United Arab Emirates
83%
Bahrain
78%
Mauritania
75%
Somalia
70%
Malaysia
65%
Maldives
65%
Bangladesh
63%
Djibouti
55%
Brunei
48%
No matching quizzes found
Score Distribution
Percent of People with Each Score
Percentile by Number Answered
Your Score History
You have not taken this quiz